| 000 | 00379nam a22001337a 4500 | ||
|---|---|---|---|
| 020 | _a0471831891 | ||
| 040 | _cNust | ||
| 082 |
_a621.38132 _bBAH'M |
||
| 100 |
_aPrakash Bhartia _9127338 |
||
| 245 | _aMicrowave Solid state circuit design | ||
| 260 |
_aNew York : _bJohn Willey and sons Inc, _c1988. |
||
| 650 |
_aMicrowave Solid state circuit design _9127339 |
||
| 942 |
_2ddc _cBK |
||
| 999 |
_c612485 _d612485 |
||